<The> Lore and Legends of Wall Street
Salvato in:
| Autore principale: | |
|---|---|
| Natura: | Libro |
| Lingua: | inglese |
| Pubblicazione: |
Homewood
Irwin
1989
|
| Edizione: | 1. ed. |
| Soggetti: | |
| Tags: |
Nessun Tag, puoi essere il primo ad aggiungerne!!
|
MARC
| LEADER | 00000nam a2200000 4500 | ||
|---|---|---|---|
| 001 | c000363 | ||
| 005 | 20221215114106.6 | ||
| 020 | |a 1-55623-151-2 | ||
| 041 | 0 | |a eng | |
| 044 | |a US | ||
| 245 | 1 | 0 | |a <The> Lore and Legends of Wall Street |c Robert M. Sharp |
| 250 | |a 1. ed. | ||
| 264 | 1 | |a Homewood |b Irwin |c 1989 | |
| 300 | |a 246 s. | ||
| 610 | 2 | 0 | |a Wall Street |
| 610 | 2 | 0 | |a New York |
| 610 | 2 | 0 | |a história |
| 610 | 2 | 0 | |a USA |
| 610 | 2 | 0 | |a dejiny hospodárske |
| 610 | 2 | 0 | |a burzy |
| 610 | 2 | 0 | |a kolonializmus |
| 610 | 2 | 0 | |a kolónie |
| 610 | 2 | 0 | |a 1553-1987 |
| 610 | 2 | 0 | |a politika národnostná |
| 610 | 2 | 0 | |a využitie počítačov |
| 100 | 1 | |a Sharp, Robert M. | |